Viviendo a toda: jóvenes, territorios culturales y nuevas sensibilidades

Este libro reúne un conjunto de ensayos e investigaciones que buscan acercarse a lo que hoy sucede con los jóvenes latinoamericanos abordando dimensiones específicas de sus vidas y culturas.

Gespeichert in:
Bibliographische Detailangaben
Weitere Verfasser: Margulis, Mario
Format: Buch
Sprache:Spanish
Veröffentlicht: Bogotá: Siglo del Hombre Editores ; Fundación Universidad Central, 1998
Schriftenreihe:Encuentros
Schlagworte:
Online Zugang:Enlace del recurso
Tags: Tag hinzufügen
Keine Tags, Fügen Sie den ersten Tag hinzu!

MARC

LEADER 00000nam a2200000 a 4500
001 000820
008 030408s1998 ck # fr# #000|0#spa#d
020 |a 958-665-011-1 
041 0 |a spa 
043 |a s-ck--- 
082 0 4 |a 302.23  |b V383v 
245 0 0 |a Viviendo a toda:  |b jóvenes, territorios culturales y nuevas sensibilidades   |c Mario Margulis ... [et al.] 
260 |a Bogotá:  |b Siglo del Hombre Editores ; Fundación Universidad Central,  |c 1998 
300 |a 326 p. 
440 0 |a Encuentros 
504 |a Incluye bibliografía al final de cada capítulo 
520 3 |a Este libro reúne un conjunto de ensayos e investigaciones que buscan acercarse a lo que hoy sucede con los jóvenes latinoamericanos abordando dimensiones específicas de sus vidas y culturas. 
650 1 4 |a JUVENTUD  |z AMÉRICA LATINA 
650 1 4 |a CULTURA JUVENIL 
700 1 |a Margulis, Mario 
999 |c 2972  |d 2972 
856 |u https://catalogo.idep.edu.co/cgi-bin/koha/opac-detail.pl?biblionumber=2972  |z Enlace del recurso